[Event "San Juan U2200 op"]
[Site "San Juan"]
[Date "2016.11.13"]
[Round "5"]
[White "Besso, Javier Alejandro"]
[Black "Caldelas, Marcos"]
[Result "1/2-1/2"]
[WhiteElo "1844"]
[BlackElo "1695"]
[PlyCount "26"]
[EventDate "2016.11.12"]
[EventType "swiss"]
[EventRounds "6"]
[EventCountry "ARG"]
[SourceTitle "EXT 2024"]
[Source "ChessBase"]
[SourceDate "2023.10.10"]
[SourceVersion "1"]
[SourceVersionDate "2023.10.10"]
[SourceQuality "1"]

1. d4 d6 2. c4 g6 3. Nc3 Bg7 4. e4 Nf6 5. f4 0-0 6. Bd3 Nbd7 7. Nf3 e5 8. fxe5 dxe5 9. d5 a6 10. 0-0 Qe7 11. Kh1 Kh8 12. a3 Ng8 13. Rb1 Nc5 1/2-1/2

[Event "San Juan U2200 op"]
[Site "San Juan"]
[Date "2016.11.12"]
[Round "3"]
[White "Caldelas, Marcos"]
[Black "Martin, Matias"]
[Result "1-0"]
[WhiteElo "1695"]
[BlackElo "1673"]
[PlyCount "87"]
[EventDate "2016.11.12"]
[EventType "swiss"]
[EventRounds "6"]
[EventCountry "ARG"]
[SourceTitle "EXT 2024"]
[Source "ChessBase"]
[SourceDate "2023.10.10"]
[SourceVersion "1"]
[SourceVersionDate "2023.10.10"]
[SourceQuality "1"]

1. e4 e5 2. Nf3 Nc6 3. Bb5 a6 4. Ba4 Nf6 5. 0-0 Be7 6. d3 b5 7. Bb3 0-0 8. c3 d5 9. exd5 Nxd5 10. h3 Bb7 11. Re1 Nf4 12. Bc2 Bd6 13. Nbd2 Qf6 14. Ne4 Qg6 15. Bxf4 exf4 16. Nxd6 Qxd6 17. d4 Rad8 18. Qd3 g6 19. Re2 b4 20. Rae1 bxc3 21. bxc3 Rd7 22. Re8 Qa3 23. Rxf8+ Kxf8 24. Bb3 Na5 25. Ne5 Re7 26. Qc2 Nxb3 27. Qxb3 Qxb3 28. axb3 f6 29. Nd3 Rxe1+ 30. Nxe1 Be4 31. Kf1 Ke7 32. Ke2 Kd6 33. f3 Bf5 34. Nd3 g5 35. Nc5 Bc8 36. Kd3 h5 37. Kc4 g4 38. hxg4 hxg4 39. Kd3 g3 40. Ke4 Bh3 41. Kxf4 Bxg2 42. Kxg3 Bf1 43. Kf2 Bh3 44. Nxa6 1-0

[Event "San Juan U2200 op"]
[Site "San Juan"]
[Date "2016.11.12"]
[Round "2"]
[White "Quispe, Fernando"]
[Black "Caldelas, Marcos"]
[Result "0-1"]
[WhiteElo "1324"]
[BlackElo "1695"]
[PlyCount "54"]
[EventDate "2016.11.12"]
[EventType "swiss"]
[EventRounds "6"]
[EventCountry "ARG"]
[SourceTitle "EXT 2024"]
[Source "ChessBase"]
[SourceDate "2023.10.10"]
[SourceVersion "1"]
[SourceVersionDate "2023.10.10"]
[SourceQuality "1"]

1. e4 c6 2. Nc3 d5 3. exd5 cxd5 4. d4 Bf5 5. Nf3 Nc6 6. Bd3 Bg6 7. Bb5 e6 8. Bxc6+ bxc6 9. Ne5 Qb6 10. Nxg6 hxg6 11. Na4 Qc7 12. Be3 Rxh2 13. Rg1 Nf6 14. Qd2 Bd6 15. f3 Nd7 16. Nc5 Bg3+ 17. Bf2 Nxc5 18. dxc5 Qe5+ 19. Qe2 Bxf2+ 20. Kxf2 Qd4+ 21. Qe3 Qxb2 22. Kg3 Rh5 23. f4 Qf6 24. Rh1 Kd7 25. Rab1 Rc8 26. Rb7+ Rc7 27. Rb2 Rxh1 0-1

[Event "ARG-ch sf U2300 Independencia"]
[Site "San Luis"]
[Date "2016.07.09"]
[Round "7.13"]
[White "Caldelas, Marcos"]
[Black "Aguilar Samper, Valentin"]
[Result "1-0"]
[WhiteElo "1736"]
[BlackElo "1500"]
[PlyCount "120"]
[EventDate "2016.07.08"]
[EventType "swiss"]
[EventRounds "7"]
[EventCountry "ARG"]
[SourceTitle "EXT 2024"]
[Source "ChessBase"]
[SourceDate "2023.10.10"]
[SourceVersion "1"]
[SourceVersionDate "2023.10.10"]
[SourceQuality "1"]

1. f4 d5 2. Nf3 Nc6 3. b3 g6 4. Bb2 Nf6 5. e3 Bf5 6. Bb5 a6 7. Bxc6+ bxc6 8. 0-0 Bg7 9. d3 0-0 10. Qe1 Rb8 11. Nbd2 a5 12. a4 Re8 13. Ne5 Rb6 14. Ndf3 Nd7 15. Qxa5 Nxe5 16. Nxe5 f6 17. Nf3 e5 18. fxe5 fxe5 19. Qd2 e4 20. Bxg7 Kxg7 21. Qc3+ Kg8 22. Nd4 Qd7 23. Nxf5 gxf5 24. d4 Kh8 25. Rf4 Rg8 26. Raf1 Rg5 27. R1f2 Rb8 28. Qc5 Rbg8 29. Kf1 Qg7 30. g3 Qf6 31. a5 Rf8 32. a6 Qd6 33. Qa5 Qd7 34. a7 Ra8 35. Qa6 Qc8 36. Qxc8+ Rxc8 37. Rxf5 Rxf5 38. Rxf5 Kg7 39. Ke2 Ra8 40. Kd2 Rxa7 41. Kc3 Ra1 42. Rf2 Re1 43. Kd2 Ra1 44. Re2 Ra5 45. Kc1 c5 46. c3 cxd4 47. cxd4 c5 48. dxc5 Rxc5+ 49. Kb2 Kg6 50. b4 Rc7 51. Kb3 Kf5 52. Rc2 Rb7 53. h3 h5 54. Rc5 Ke5 55. b5 Kd6 56. Kb4 d4 57. Rc4 dxe3 58. Rxe4 Re7 59. Rxe7 Kxe7 60. Kc3 Kd6 1-0

[Event "ARG-ch sf U2300 Independencia"]
[Site "San Luis"]
[Date "2016.07.09"]
[Round "3.7"]
[White "Lopez, Luis"]
[Black "Caldelas, Marcos"]
[Result "1-0"]
[WhiteElo "1923"]
[BlackElo "1736"]
[PlyCount "67"]
[EventDate "2016.07.08"]
[EventType "swiss"]
[EventRounds "7"]
[EventCountry "ARG"]
[SourceTitle "EXT 2024"]
[Source "ChessBase"]
[SourceDate "2023.10.10"]
[SourceVersion "1"]
[SourceVersionDate "2023.10.10"]
[SourceQuality "1"]

1. d4 d6 2. Nf3 g6 3. c4 Bg7 4. g3 Nf6 5. Bg2 0-0 6. 0-0 Nbd7 7. Nc3 c6 8. e4 e5 9. h3 Qc7 10. Be3 h6 11. Qd2 Kh7 12. Rfe1 Ng8 13. g4 exd4 14. Nxd4 Ne5 15. b3 f5 16. exf5 gxf5 17. Nxf5 Bxf5 18. gxf5 Rad8 19. Rad1 Kh8 20. f4 Nf7 21. Bd4 Bxd4+ 22. Qxd4+ Kh7 23. Kh1 Qb6 24. Qd3 Nf6 25. Re6 Nh8 26. Ne4 Nxe4 27. Qxe4 Rf7 28. f6+ Ng6 29. Rg1 d5 30. Qf5 Qf2 31. Re7 Rdf8 32. Rxf7+ Rxf7 33. Be4 Rxf6 34. Qxf6 1-0

[Event "Cordoba Villa Giardino op 15th"]
[Site "Cordoba"]
[Date "2016.05.25"]
[Round "1"]
[White "Caldelas, Marcos"]
[Black "Duarte Miceli, Leonardo"]
[Result "0-1"]
[WhiteElo "1736"]
[BlackElo "2349"]
[PlyCount "56"]
[EventDate "2016.05.25"]
[EventType "swiss"]
[EventRounds "7"]
[EventCountry "ARG"]
[SourceTitle "EXT 2024"]
[Source "ChessBase"]
[SourceDate "2023.10.10"]
[SourceVersion "1"]
[SourceVersionDate "2023.10.10"]
[SourceQuality "1"]

1. e4 c5 2. Nc3 e6 3. f4 d5 4. e5 Nc6 5. Nf3 Nge7 6. d3 Nf5 7. g3 h5 8. Bg2 h4 9. g4 h3 10. gxf5 hxg2 11. Rg1 Rxh2 12. Be3 Rh1 13. Ne2 d4 14. Bf2 exf5 15. Qd2 Be6 16. Ng3 Bd5 17. Nxh1 gxh1Q 18. Rxh1 Bxf3 19. Rh8 Qd5 20. Bh4 Bg4 21. Qh2 Kd7 22. Bg3 c4 23. Kf1 Rc8 24. Re1 cxd3 25. cxd3 Bb4 26. Rc1 Qf3+ 27. Bf2 Rxh8 28. Qxh8 Bh3+ 0-1